Minneapolis/St. Paul In'tl Airport (MSP) Destinations - Statistics

General Stats
  • This quiz has been taken 219 times
    21 since last reset
  • The average score is 116 of 165
Answer Stats
Hint Airlines Answer % Correct
Netherlands Delta, KLM Amsterdam
100%
United States Delta, Alaska, Sun Country Anchorage (AK)
100%
United States Delta, Frontier, Sun Country Atlanta (GA)
100%
United States Delta, Southwest, Sun Country Austin (TX)
100%
United States Delta, Southwest, Sun Country Baltimore (MD)
100%
United States Delta, Sun Country Boise (ID)
100%
United States American, Delta, Sun Country Charlotte (NC)
100%
United States Delta, Southwest Chicago (Midway) (IL)
100%
United States American, Delta, United, Frontier, Sun Country Chicago (O'Hare) (IL)
100%
United States American, Delta, Frontier, Sun Country Dallas/Fort Worth (TX)
100%
United States Southwest Dallas (Love) (TX)
100%
United States Delta, United, Southwest, Frontier, Sun Country Denver (CO)
100%
United States Southwest Houston (Hobby) (TX)
100%
United States Delta, United Houston (Intercontinental) (TX)
100%
United Kingdom Delta London (Heathrow) (ENG)
100%
United States Delta, Sun Country Los Angeles (CA)
100%
United States Delta, Sun Country New York City (JFK) (NY)
100%
United States Delta New York City (LaGuardia) (NY)
100%
United States Delta, Alaska, Sun Country Seattle/Tacoma (WA)
100%
United States Delta, Southwest, Sun Country St. Louis (MO)
100%
United States Delta, Sun Country Boston (MA)
93%
Canada Delta, WestJet Calgary (AB)
93%
Mexico Delta, Sun Country Cancun (QR)
93%
Canada WestJet Edmonton (AB)
93%
United States Delta Fargo (ND)
93%
United States Delta, Sun Country Jacksonville (FL)
93%
United States Sun Country Melbourne (Orlando/Mel.) (FL)
93%
United States Sun Country Mesa (Phoenix/Mesa) (AZ)
93%
Mexico Delta Mexico City (D.F.)
93%
United States Delta, United, Sun Country Newark (NJ)
93%
United States Delta, Sun Country New Orleans (LA)
93%
United States Delta Omaha (NE)
93%
United States Delta, Southwest, Frontier, Sun Country Orlando (FL)
93%
United States American, Delta, Southwest, Frontier, Sun Country Phoenix (AZ)
93%
United States Delta, Sun Country Portland (ME)
93%
United States Delta, Alaska, Sun Country Portland (OR)
93%
United States Delta, Sun Country Richmond (VA)
93%
United States Delta Rochester (MN)
93%
Canada Delta, Sun Country Vancouver (BC)
93%
United States Delta, United, Sun Country Washington (Dulles) (DC/VA)
93%
Untied States American, Delta Washington (National) (DC/VA)
93%
United States Delta Albuquerque (NM)
86%
United States Delta Billings (MT)
86%
United States Delta, Sun Country Buffalo (NY)
86%
United States Delta, Sun Country Charleston (SC)
86%
United States Delta, Sun Country Cincinnati (OH/KY)
86%
United States Delta Cleveland (OH)
86%
United States Delta, Sun Country Columbus (Glenn) (OH)
86%
Denmark Delta Copenhagen
86%
United States Delta Des Moines (IA)
86%
United States Delta, Sun Country Detroit (MI)
86%
United States Delta Duluth (MN)
86%
United States Delta, Sun Country Kansas City (MO)
86%
United States Delta, Southwest, Frontier, Sun Country Las Vegas (NV)
86%
United States Delta Memphis (TN)
86%
United States American, Delta, Sun Country Miami (FL)
86%
United States Delta, Sun Country Milwaukee (WI)
86%
Canada Delta, Air Canada Montreal (Trudeau) (QC)
86%
France Delta, Air France Paris (Charles de Gaulle)
86%
United States Delta, Sun Country Raleigh/Durham (NC)
86%
United States Delta, Sun Country San Antonio (TX)
86%
United States Delta San Jose (CA)
86%
South Korea Delta Seoul (Incheon)
86%
United States Delta, Southwest, Sun Country Tampa (FL)
86%
Canada Delta, Sun Country, Air Canada Toronto (Pearson) (ON)
86%
Netherlands (Territory) Delta, Sun Country Aruba
79%
Belize Delta, Sun Country Belize City
79%
United States Delta Bismarck (ND)
79%
United States Delta Colorado Springs (CO)
79%
Ireland Delta, Aer Lingus Dublin
79%
Germany Discover Frankfurt
79%
United States Delta, Sun Country Grand Rapids (MI)
79%
United States Delta, Sun Country Indianapolis (IN)
79%
United States Delta, Southwest, Sun Country Nashville (TN)
79%
United States Delta Oklahoma City (OK)
79%
United States American, Delta, Sun Country Philadelphia (PA)
79%
United States Delta, Sun Country Providence (RI)
79%
Italy Delta Rome (Fiumicino) (LAZ)
79%
United States Delta Sacramento (CA)
79%
United States Delta Salt Lake City (UT)
79%
United States Delta, Sun Country San Diego (CA)
79%
United States Delta, United, Sun Country San Francisco (CA)
79%
United States Delta Sioux Falls (SD)
79%
Japan Delta Tokyo (Haneda)
79%
United States Delta, Sun Country Bozeman (MT)
71%
United States Delta Cedar Rapids (IA)
71%
United States Delta, Sun Country Fort Lauderdale (FL)
71%
United States Delta Honolulu (HI)
71%
Untied States Delta Louisville (KY)
71%
United States Delta Madison (WI)
71%
United States Delta Norfolk (VA)
71%
United States Delta Orange County (CA)
71%
United States Delta, Sun Country Pittsburgh (PA)
71%
United States Delta, Sun Country Rapid City (SD)
71%
United States (Territory) Delta, Sun Country San Juan (Puerto Rico)
71%
United States Delta, Sun Country Tucson (AZ)
71%
United States Delta Wichita (KS)
71%
Canada Delta Winnipeg (MB)
71%
United States Delta Green Bay (WI)
64%
United States Delta, Sun Country Missoula (MT)
64%
Bahamas Delta Nassau
64%
Mexico Delta, Sun Country Puerto Vallarta (JA)
64%
Iceland Delta, Icelandair Reykjavik
64%
Canada WestJet Saskatoon (SK)
64%
United States Delta, Sun Country Savannah (GA)
64%
United States Delta, Sun Country Syracuse (NY)
64%
United States Sun Country Tulsa (OK)
64%
United States Delta Appleton (WI)
57%
United States Sun Country Asheville (NC)
57%
United States Delta, Sun Country Burlington (VT)
57%
United States Delta Eagle/Vail (CO)
57%
United States Delta Fayetteville/Bentonville (AR)
57%
United States Delta, Southwest, Frontier, Sun Country Fort Myers (FL)
57%
United States Delta, Sun Country Fort Walton Beach/Destin (FL)
57%
United States Delta Fort Wayne (IN)
57%
United States Delta, Sun Country Hartford (CT)
57%
Costa Rica Delta, Sun Country Liberia (GU)
57%
Jamaica Delta, Sun Country Montego Bay
57%
Dominican Republic Delta, Sun Country Punta Cana
57%
United States Delta, Sun Country Reno/Tahoe (NV)
57%
United States Delta, Sun Country Sarasota (FL)
57%
United States Delta, Sun Country Spokane (WA)
57%
United States Delta, Sun Country Wilmington (NC)
57%
United States Delta Bemidji (MN)
50%
Mexico Delta, Sun Country Cozumel (QR)
50%
United States Delta Jackson Hole (WY)
50%
United States Delta Knoxville (TN)
50%
United States Delta, Sun Country Myrtle Beach (SC)
50%
United Kingdom (Territory) Sun Country Providenciales (Turks & Caicos)
50%
Canada WestJet Regina (SK)
50%
United States Delta Sault Ste. Marie (MI)
50%
U.S. (Territory) Sun Country St. Thomas (U.S. Virgin Islands)
50%
United States Delta, Sun Country Traverse City (MI)
50%
United States Delta, Sun Country West Palm Beach (FL)
50%
United States Delta Aberdeen (SD)
43%
United States Delta Brainerd (MN)
43%
United Kingdom (Territory) Delta, Sun Country Grand Cayman (Cayman Islands)
43%
United States Delta Grand Forks (ND)
43%
United States Delta, Sun Country Kalispell/Glacier Park (MT)
43%
United States Delta Marquette (MI)
43%
United States Delta, Sun Country Palm Springs (CA)
43%
United States Delta Rhinelander (WI)
43%
Honduras Sun Country Roatan
43%
United States Delta South Bend (IN)
43%
United States Sun Country St. Petersburg/Clearwater (FL)
43%
United States Delta, Sun Country Harlingen (TX)
36%
United Stats Delta Hayden/Steamboat Springs (CO)
36%
Netherlands (Territory) Delta, Sun Country Sint Maarten
36%
United States Delta Tri-Cities (WA)
36%
United States Sun Country Gulfport/Biloxi (MS)
29%
United States Delta Hibbing/Chisholm (MN)
29%
United States Delta International Falls (MN)
29%
United States Delta Iron Mountain (MI)
29%
United States Denver Air Connection Ironwood (MI)
29%
Mexico Delta, Sun Country Los Cabos (BCS)
29%
Mexico Delta, Sun Country Mazatlan (SI)
29%
Untied States Delta Minot (ND)
29%
United States Sun Country Punta Gorda (FL)
29%
United States Denver Air Connection Thief River Falls (MN)
29%
United States Delta Watertown (SD)
29%
Untied States Delta Wausau/Mosinee (WI)
29%
United States Delta Williston (ND)
29%
United States Delta Escanaba (MI)
21%
Mexico Sun Country Ixtapa/Zihuantenejo (GR)
21%
United States Delta White Plains (NY)
21%
No matching quizzes found
Score Distribution
Percent of People with Each Score
Percentile by Number Answered
Your Score History
You have not taken this quiz since the last reset